| 000 | 00748nam a2200193Ia 4500 | ||
|---|---|---|---|
| 003 | GCL | ||
| 008 | 140319s9999 xx 000 0 ara d | ||
| 040 |
_aGCL / _cGCL |
||
| 082 | 0 | 4 |
_a920.71 _bص ن |
| 100 | 1 | _aمركز الدراسات والبحوث اليمنى(ا | |
| 245 | 1 | 0 |
_aنيل الوطر من تراجم رجال اليمن فى القرن الثالث عشر / _cمركز الدراسات والبحوث اليمنى(ا |
| 700 | 1 | _aالصنعانى، يحيى بن محمد بن عبدالله، 1114 - 1201 هـ | |
| 260 |
_a[S.N] : _bمركز الدراسات والبحوث اليمنى |
||
| 490 | _a | ||
| 650 | 0 | 4 | _aاليمن |
| 650 | 0 | 4 | _aالتراجم |
| 650 | 0 | 4 | _aالحضارة الاسلامية |
| 942 |
_2ddc _cBK |
||
| 999 |
_c34999 _d34999 |
||